L'individu et ses sociologies (notice n° 1568661)
[ vue normale ]
| 000 -LEADER | |
|---|---|
| fixed length control field | 01541cam a2200145 4500500 |
| 005 - DATE AND TIME OF LATEST TRANSACTION | |
| control field | 20251214005108.0 |
| 041 ## - LANGUAGE CODE | |
| Language code of text/sound track or separate title | fre |
| 042 ## - AUTHENTICATION CODE | |
| Authentication code | dc |
| 100 10 - MAIN ENTRY--PERSONAL NAME | |
| Personal name | Martuccelli, Danilo |
| Relator term | author |
| 245 00 - TITLE STATEMENT | |
| Title | L'individu et ses sociologies |
| 260 ## - PUBLICATION, DISTRIBUTION, ETC. | |
| Name of publisher, distributor, etc. | Armand Colin,<br/> |
| Date of publication, distribution, etc. | 2018.<br/> |
| 520 ## - SUMMARY, ETC. | |
| Summary, etc. | Depuis l’entrée dans la modernité à la fin du XIXe siècle, et surtout depuis les années 1960, les individus doivent s’émanciper des liens hérités et faire la preuve de leurs qualités personnelles. Pour cela ils veulent avoir une certaine maîtrise de leur existence. En France – et aussi en Allemagne et dans les pays anglo-saxons – depuis trente ans, la force de ce processus d’individualisation est telle que bien des manières de penser la société et de pratiquer les sciences sociales sont remises en question. C’est pour cela qu’une pluralité de démarches cherche à rendre compte de processus d’individualisation et de ses conséquences. La sociologie doit relever les nombreux défis politiques, moraux ou méthodologiques qui en découlent. Sans éclectisme ni sectarisme, cette nouvelle édition, révisée et enrichie, présente l’espace des débats de ce qui constitue désormais le champ de la sociologie de l’individu. Elle démontre l’intérêt d’une des voies les plus prometteuses et originales de la sociologie française contemporaine. |
| 700 10 - ADDED ENTRY--PERSONAL NAME | |
| Personal name | de Singly, François |
| Relator term | author |
| 856 41 - ELECTRONIC LOCATION AND ACCESS | |
| Uniform Resource Identifier | <a href="https://shs.cairn.info/l-individu-et-ses-sociologies--9782200621667?lang=fr&redirect-ssocas=7080">https://shs.cairn.info/l-individu-et-ses-sociologies--9782200621667?lang=fr&redirect-ssocas=7080</a> |
Pas d'exemplaire disponible.




Réseaux sociaux